ARRUPE JESUIT UNIVERSITY

CORONAVIRUS -STOP THE SPREAD - CLEAN,DISINFECT,COVER

Aristotle: On interpretation (Record no. 44461)

MARC details
000 -LEADER
fixed length control field 00623nam a2200229Ia 4500
003 - CONTROL NUMBER IDENTIFIER
control field 0100
005 - DATE AND TIME OF LATEST TRANSACTION
control field 20171018093326.0
008 - FIXED-LENGTH DATA ELEMENTS--GENERAL INFORMATION
fixed length control field 130303s9999 xx 000 0 und d
040 ## - CATALOGING SOURCE
Transcribing agency ARRUPELIB
050 ## - LIBRARY OF CONGRESS CALL NUMBER
Classification number B434.T53
300 ## - PHYSICAL DESCRIPTION
Other physical details 23cm.
100 ## - MAIN ENTRY--PERSONAL NAME
Personal name Aquinas, Thomas, St
9 (RLIN) 9346
245 ## - TITLE STATEMENT
Title Aristotle: On interpretation
245 ## - TITLE STATEMENT
Remainder of title commentary by St. Thomas and Cajetan
260 ## - PUBLICATION, DISTRIBUTION, ETC. (IMPRINT)
Place of publication, distribution, etc Milwaukee, Wisconsin
260 ## - PUBLICATION, DISTRIBUTION, ETC. (IMPRINT)
Name of publisher, distributor, etc Marquette University Press
300 ## - PHYSICAL DESCRIPTION
Extent 271p.
440 ## - SERIES STATEMENT/ADDED ENTRY--TITLE
Title Mediaeval philosophical texts in translation No. 11
9 (RLIN) 37195
600 ## - SUBJECT ADDED ENTRY--PERSONAL NAME
Personal name Aristotle. De interpretatio
9 (RLIN) 37196
700 ## - ADDED ENTRY--PERSONAL NAME
Personal name Cajetan, Tommaso de Vio
9 (RLIN) 37197
942 ## - ADDED ENTRY ELEMENTS (KOHA)
Source of classification or shelving scheme Library of Congress Classification
Koha item type Monograph ( Printed materials)
Holdings
Withdrawn status Lost status Source of classification or shelving scheme Damaged status Not for loan Collection code Home library Current library Shelving location Date acquired Total Checkouts Full call number Barcode Date last seen Date checked out Copy number Price effective from Koha item type
    Library of Congress Classification     Main Collection ARRUPE LIBRARY ARRUPE LIBRARY Main Collection 04/03/2013 1 B765.T531 A7 O4 1962 46003008068 11/05/2016 11/11/2015 2 04/03/2013 Monograph ( Printed materials)
    Library of Congress Classification     Main Collection ARRUPE LIBRARY ARRUPE LIBRARY Main Collection 04/03/2013 1 B765.T531 A7 O4 1962 46003008055 28/02/2017 28/02/2017 3 04/03/2013 Monograph ( Printed materials)

 

Arrupe Library. PO Box MP320 Mt Pleasant, Harare, Zimbabwe
263 242 745411|librarian@aju.ac.zw